| 000 | 00318nam a2200121Ia 4500 | ||
|---|---|---|---|
| 008 | 230907s9999||||xx |||||||||||||| ||und|| | ||
| 082 |
_a954.9045 _bSHE |
||
| 100 |
_aAmarinder Singh, _9106725 |
||
| 245 | 4 | _aThe monsoon war : | |
| 300 | _a528 pages : | ||
| 650 |
_aPersonal narratives. Biography. _9115766 |
||
| 942 | _cBK | ||
| 999 |
_c599377 _d599377 |
||